[Event "Balkan-ch U12"]
[Site "Tornelo INT"]
[Date "2020.11.01"]
[Round "6"]
[White "Boeru, Dragos Matei"]
[Black "Papaioannou, Dimitrios1"]
[Result "0-1"]
[WhiteElo "1666"]
[BlackElo "1047"]
[PlyCount "110"]
[EventDate "2020.10.31"]
[EventType "swiss"]
[EventRounds "7"]
[EventCountry "NET"]
[SourceTitle "EXT 2023"]
[Source "ChessBase"]
[SourceDate "2022.10.05"]
[SourceVersion "1"]
[SourceVersionDate "2022.10.05"]
[SourceQuality "1"]

1. e4 c5 2. Nc3 Nc6 3. f4 g6 4. Nf3 Bg7 5. g3 d6 6. Bg2 e6 7. d3 Nh6 8. h3 0-0 9. 0-0 b6 10. g4 f5 11. exf5 gxf5 12. g5 Nf7 13. Nh4 d5 14. Qh5 Nh8 15. Bd2 Nd4 16. Rac1 Bd7 17. Nf3 Nc6 18. Rce1 Ng6 19. Nh2 Nd4 20. Qd1 b5 21. Nf3 b4 22. Ne2 Nxe2+ 23. Qxe2 Bxb2 24. h4 Qc7 25. Ne5 Bxe5 26. fxe5 Nxh4 27. Qh5 Nxg2 28. Kxg2 Be8 29. Qh6 Bg6 30. Qh4 a5 31. Qf4 c4 32. d4 c3 33. Be3 Qc4 34. Rh1 Qxa2 35. Re2 Qc4 36. Kf3 a4 37. Rh6 Qc7 38. Reh2 a3 39. Qh4 Qg7 40. Rh1 f4 41. Bxf4 Be4+ 42. Kg3 Bxh1 43. Qxh1 a2 44. Qa1 Qf7 45. Rf6 Qg7 46. Rxe6 Rf5 47. Rf6 Rxf6 48. exf6 Qg6 49. Kg4 Qxc2 50. f7+ Kxf7 51. Qh1 Qe2+ 52. Kg3 Qe4 53. Qh5+ Kg8 54. Qh6 a1Q 55. Qd6 Qg1+ 0-1

[Event "EU-ch Online U12"]
[Site "Tornelo INT"]
[Date "2020.09.19"]
[Round "5"]
[White "Lavrencic, Matic"]
[Black "Boeru, Dragos Matei"]
[Result "1-0"]
[WhiteElo "1521"]
[BlackElo "1666"]
[PlyCount "67"]
[EventDate "2020.09.18"]
[EventType "swiss (rapid)"]
[EventRounds "9"]
[EventCountry "ENG"]
[SourceTitle "EXT 2023"]
[Source "ChessBase"]
[SourceDate "2022.10.05"]
[SourceVersion "1"]
[SourceVersionDate "2022.10.05"]
[SourceQuality "1"]
[WhiteTeam "Slovenia"]
[BlackTeam "Romania"]
[WhiteTeamCountry "SLO"]
[BlackTeamCountry "ROU"]

1. e4 c5 2. Nf3 e6 3. d4 cxd4 4. Nxd4 Nc6 5. Nb5 Nf6 6. Bf4 e5 7. Bg5 Qa5+ 8. Qd2 Qb6 9. Bxf6 gxf6 10. N1c3 a6 11. Nd5 Qa5 12. Qxa5 Nxa5 13. Nbc7+ Kd8 14. Nxa8 f5 15. exf5 b5 16. Nab6 Bb7 17. 0-0-0 d6 18. c4 bxc4 19. Nxc4 Nxc4 20. Bxc4 Kd7 21. Kb1 Bh6 22. f3 Bg5 23. h4 Bd8 24. Rd2 Ba5 25. Rd3 Rc8 26. b3 h6 27. Rhd1 Bd8 28. Ne3 Bc7 29. Bxf7 Rf8 30. Be6+ Ke7 31. Nd5+ Bxd5 32. Rxd5 Rb8 33. Rc1 Ba5 34. Rxa5 1-0

[Event "ROM-ch U12"]
[Site "Calimanesti Caciulata"]
[Date "2019.04.17"]
[Round "4"]
[White "Stingu, Alin"]
[Black "Boeru, Dragos Matei"]
[Result "1/2-1/2"]
[WhiteElo "1511"]
[BlackElo "1656"]
[PlyCount "135"]
[EventDate "2019.04.15"]
[EventType "swiss"]
[EventRounds "9"]
[EventCountry "ROU"]
[SourceTitle "CBM 190 Extra"]
[Source "ChessBase"]
[SourceDate "2019.07.15"]
[SourceVersion "1"]
[SourceVersionDate "2019.07.15"]
[SourceQuality "1"]

1. e4 c5 2. Nf3 a6 3. c4 e6 4. Nc3 Nc6 5. d4 cxd4 6. Nxd4 g6 7. Nxc6 bxc6 8. Qd4 Qf6 9. e5 Qd8 10. Ne4 c5 11. Nd6+ Bxd6 12. Qxd6 Bb7 13. Be3 Qe7 14. Bxc5 Qxd6 15. Bxd6 Nh6 16. f3 Nf5 17. Kf2 Nxd6 18. exd6 0-0 19. Be2 Rac8 20. Rac1 Kg7 21. Bd3 f5 22. Rhe1 Rfe8 23. f4 Kf6 24. Re5 Rc6 25. c5 Rec8 26. b4 Rxd6 27. cxd6 Rxc1 28. Ra5 Rc6 29. b5 axb5 30. Bxb5 Rxd6 31. Ra7 Bc6 32. Bxc6 dxc6 33. Rc7 Rd2+ 34. Kf3 Rxa2 35. Rxc6 Ra3+ 36. Kf2 Rd3 37. Rc7 h5 38. h4 Rd6 39. Rc5 Rd7 40. Ra5 Re7 41. Ra6 Rd7 42. Ra5 Rd2+ 43. Kf3 Rd1 44. Ra6 Rh1 45. Kg3 Rf1 46. Ra5 Rd1 47. Kf3 Re1 48. Ra6 Rc1 49. Rb6 Ra1 50. Kf2 Ra3 51. Rc6 Rb3 52. Ra6 Rb5 53. Rc6 Rb7 54. Ra6 Re7 55. Rb6 Kf7 56. Rb5 Rd7 57. Kf3 Ke7 58. Rb6 Kf7 59. Rb5 Rd5 60. Rb7+ Kf6 61. Rb6 Rd1 62. Ra6 Rf1+ 63. Kg3 Re1 64. Kf3 Re4 65. Rb6 Ke7 66. Rb7+ Kf6 67. Rb6 Ra4 68. Kg3 1/2-1/2

[Event "ROM-ch U12"]
[Site "Calimanesti Caciulata"]
[Date "2019.04.15"]
[Round "1"]
[White "Boeru, Dragos Matei"]
[Black "Dachi, Mihai Iulian"]
[Result "1-0"]
[WhiteElo "1656"]
[BlackElo "1102"]
[PlyCount "53"]
[EventDate "2019.04.15"]
[EventType "swiss"]
[EventRounds "9"]
[EventCountry "ROU"]
[SourceTitle "CBM 190 Extra"]
[Source "ChessBase"]
[SourceDate "2019.07.15"]
[SourceVersion "1"]
[SourceVersionDate "2019.07.15"]
[SourceQuality "1"]

1. e4 e5 2. Nf3 Nc6 3. d4 exd4 4. Bc4 Bc5 5. c3 dxc3 6. Bxf7+ Kxf7 7. Qd5+ Ke8 8. Qxc5 d6 9. Qxc3 Nf6 10. Nbd2 h6 11. 0-0 Be6 12. b3 Rf8 13. Bb2 Kf7 14. Rfe1 Rg8 15. Nc4 a5 16. Rad1 Qe8 17. Rxd6 b5 18. Nce5+ Nxe5 19. Nxe5+ Kf8 20. Qxc7 a4 21. Ba3 b4 22. Bxb4 Rh8 23. Rxe6+ Kg8 24. Rxe8+ Rxe8 25. Ng6 Rh7 26. Qc4+ Re6 27. Qxe6# 1-0

[Event "ROM-chT2"]
[Site "Gilau"]
[Date "2018.10.07"]
[Round "1.5"]
[White "Ambru, Dan Calin"]
[Black "Boeru, Dragos Matei"]
[Result "1-0"]
[WhiteElo "2008"]
[BlackElo "1663"]
[PlyCount "118"]
[EventDate "2018.10.07"]
[EventType "team-swiss"]
[EventRounds "9"]
[EventCountry "ROU"]
[SourceTitle "CBM 187 Extra"]
[Source "ChessBase"]
[SourceDate "2018.11.04"]
[SourceVersion "1"]
[SourceVersionDate "2018.11.04"]
[SourceQuality "1"]
[WhiteTeam "Cluj Napoca"]
[BlackTeam "Cluj Viitorul"]
[WhiteTeamCountry "ROU"]
[BlackTeamCountry "ROU"]

1. d4 d5 2. c4 c6 3. Nc3 Nf6 4. e3 e6 5. Nf3 Nbd7 6. Bd3 Be7 7. e4 dxe4 8. Nxe4 Nxe4 9. Bxe4 Nf6 10. Bc2 0-0 11. 0-0 b6 12. Bg5 Ba6 13. Qd3 g6 14. Bh6 Re8 15. Ne5 Rc8 16. Rfd1 Nd5 17. Qf3 Nf6 18. Be4 Bb7 19. Bxc6 Bxc6 20. Nxc6 Qd6 21. Nxe7+ Qxe7 22. Bg5 Kg7 23. d5 exd5 24. cxd5 Qd6 25. Bxf6+ Qxf6 26. Qxf6+ Kxf6 27. Rd2 Red8 28. f4 Rd6 29. Kf2 Rc5 30. Rad1 a5 31. g4 h6 32. Kf3 b5 33. Ke4 Rc4+ 34. Rd4 Rc8 35. h4 Re8+ 36. Kf3 g5 37. hxg5+ hxg5 38. Rc1 gxf4 39. Rxf4+ Kg7 40. Rf5 b4 41. Rc6 Red8 42. Rxd6 Rxd6 43. Ke4 a4 44. Ke5 Rd7 45. Rf4 a3 46. Rxb4 axb2 47. Rxb2 Kg6 48. d6 Ra7 49. Rd2 Ra5+ 50. Rd5 f6+ 51. Ke6 Ra6 52. Ke7 Rxa2 53. d7 Ra7 54. Ke8 Ra4 55. d8Q Rxg4 56. Qd7 Re4+ 57. Kf8 Re5 58. Qg4+ Kh6 59. Rxe5 fxe5 1-0

[Event "ROM-ch U10"]
[Site "Baile Felix"]
[Date "2017.02.03"]
[Round "2"]
[White "Boeru, Dragos Matei"]
[Black "Covrig, Raul Alexandru"]
[Result "1-0"]
[WhiteElo "1402"]
[BlackElo "1162"]
[PlyCount "37"]
[EventDate "2017.02.02"]
[EventType "swiss"]
[EventRounds "9"]
[EventCountry "ROU"]
[SourceTitle "CBM 176 Extra"]
[Source "ChessBase"]
[SourceDate "2017.03.02"]
[SourceVersion "1"]
[SourceVersionDate "2017.03.02"]
[SourceQuality "1"]

1. e4 e5 2. Nf3 Nc6 3. d4 f6 4. d5 Nce7 5. Nc3 Ng6 6. Bc4 Bc5 7. Na4 Bd6 8. Be3 a6 9. Nc3 N8e7 10. h4 0-0 11. g4 h6 12. g5 fxg5 13. hxg5 hxg5 14. Nxg5 Nf4 15. Bxf4 Rxf4 16. Qh5 Ng6 17. Qxg6 Bc5 18. Rh8+ Kxh8 19. Qh7# 1-0

[Event "ROM-ch U08"]
[Site "Calimanesti Caciulata"]
[Date "2016.04.24"]
[Round "8"]
[White "Mogirzan, Matei Valeriu"]
[Black "Boeru, Dragos Matei"]
[Result "1-0"]
[WhiteElo "1447"]
[BlackElo "1245"]
[PlyCount "67"]
[EventDate "2016.04.18"]
[EventType "swiss"]
[EventRounds "9"]
[EventCountry "ROU"]
[SourceTitle "CBM 172 Extra"]
[Source "ChessBase"]
[SourceDate "2016.06.21"]
[SourceVersion "1"]
[SourceVersionDate "2016.06.21"]
[SourceQuality "1"]

1. e4 d5 2. exd5 Qxd5 3. Nc3 Qd6 4. g3 Nf6 5. Bg2 c6 6. d3 Bg4 7. Nge2 e6 8. h3 Bh5 9. 0-0 Be7 10. Bf4 Qd8 11. Rb1 Nbd7 12. b4 Nb6 13. b5 Nfd5 14. Bd2 Nxc3 15. Bxc3 Nd5 16. Bd2 0-0 17. g4 Bg6 18. Ng3 Bd6 19. bxc6 bxc6 20. f4 h6 21. Qf3 Qh4 22. Ne4 Bxe4 23. dxe4 Bc5+ 24. Kh1 Ne7 25. e5 Rad8 26. Be1 Qxe1 27. Rbxe1 Nd5 28. g5 hxg5 29. fxg5 Nb4 30. Qh5 g6 31. Qh6 Rd2 32. Re4 f5 33. Qxg6+ Kh8 34. Rh4# 1-0

[Event "ROM-ch U08"]
[Site "Calimanesti Caciulata"]
[Date "2016.04.23"]
[Round "7"]
[White "Boeru, Dragos Matei"]
[Black "Cotoros, Eduard"]
[Result "1-0"]
[WhiteElo "1245"]
[BlackElo "1365"]
[PlyCount "51"]
[EventDate "2016.04.18"]
[EventType "swiss"]
[EventRounds "9"]
[EventCountry "ROU"]
[SourceTitle "CBM 172 Extra"]
[Source "ChessBase"]
[SourceDate "2016.06.21"]
[SourceVersion "1"]
[SourceVersionDate "2016.06.21"]
[SourceQuality "1"]

1. e4 e5 2. Nf3 Nc6 3. d4 exd4 4. Bc4 Nf6 5. e5 d5 6. Bb5 Ne4 7. Nxd4 Bd7 8. Bxc6 bxc6 9. 0-0 Bc5 10. Be3 Qe7 11. Re1 0-0 12. Nf3 Rab8 13. Nc3 Bb4 14. Bd2 Bxc3 15. Bxc3 Nxc3 16. bxc3 Qc5 17. Qd3 g6 18. Qd2 Bf5 19. Qh6 Qe7 20. Ng5 f6 21. exf6 Qd7 22. Re7 Rf7 23. Rxf7 Qxf7 24. Nxf7 Kxf7 25. Qg7+ Ke6 26. Qe7# 1-0

[Event "ROM-ch U08"]
[Site "Calimanesti Caciulata"]
[Date "2016.04.21"]
[Round "5"]
[White "Buzuriu, Razvan Florin"]
[Black "Boeru, Dragos Matei"]
[Result "0-1"]
[WhiteElo "1194"]
[BlackElo "1245"]
[PlyCount "80"]
[EventDate "2016.04.18"]
[EventType "swiss"]
[EventRounds "9"]
[EventCountry "ROU"]
[SourceTitle "CBM 172 Extra"]
[Source "ChessBase"]
[SourceDate "2016.06.21"]
[SourceVersion "1"]
[SourceVersionDate "2016.06.21"]
[SourceQuality "1"]

1. e4 d5 2. exd5 Qxd5 3. Nc3 Qd6 4. Nf3 Nf6 5. Bc4 Bg4 6. 0-0 e6 7. h3 Bh5 8. d3 c6 9. Qe2 Be7 10. Qe5 Bxf3 11. Qxd6 Bxd6 12. gxf3 0-0 13. Bg5 Be7 14. Kh2 h6 15. Bh4 Ng4+ 16. fxg4 Bxh4 17. Kg2 a5 18. a3 Bf6 19. Na4 b5 20. Nb6 Ra6 21. a4 Rxb6 22. axb5 cxb5 23. Bb3 a4 24. Ba2 Bxb2 25. Rab1 Bd4 26. Rfe1 Rc8 27. c4 b4 28. Re4 b3 29. Rxd4 bxa2 30. Rxb6 a1Q 31. Rd7 Nxd7 32. Ra6 Nc5 33. Ra5 Nxd3 34. Kg3 g5 35. Kg2 Qa2 36. Kh1 Rb8 37. Rb5 Rxb5 38. cxb5 Qxf2 39. h4 Ne1 40. hxg5 Qg2# 0-1

[Event "World School-ch U07 11th"]
[Site "Pattaya"]
[Date "2015.05.10"]
[Round "5"]
[White "Boeru, Dragos Matei"]
[Black "Saydaliev, Akobirkhon"]
[Result "1-0"]
[WhiteElo "1109"]
[BlackElo "1429"]
[PlyCount "31"]
[EventDate "2015.05.07"]
[EventType "swiss"]
[EventRounds "9"]
[EventCountry "THA"]
[SourceTitle "CBM 166 Extra"]
[Source "ChessBase"]
[SourceDate "2015.06.18"]
[SourceVersion "1"]
[SourceVersionDate "2015.06.18"]
[SourceQuality "1"]

1. e4 e5 2. Nf3 Nc6 3. d4 exd4 4. Bc4 Bb4+ 5. c3 dxc3 6. bxc3 Ba5 7. Ng5 Ne5 8. Bb3 h6 9. Nxf7 Bxc3+ 10. Nxc3 Nxf7 11. Ba3 Qf6 12. Nd5 Qd8 13. e5 c6 14. Nc3 Qa5 15. Bxf7+ Kxf7 16. Qf3+ 1-0

[Event "World School-ch U07 11th"]
[Site "Pattaya"]
[Date "2015.05.08"]
[Round "3"]
[White "Boeru, Dragos Matei"]
[Black "Ranasinghe, RASC"]
[Result "1-0"]
[WhiteElo "1109"]
[BlackElo "1007"]
[PlyCount "79"]
[EventDate "2015.05.07"]
[EventType "swiss"]
[EventRounds "9"]
[EventCountry "THA"]
[SourceTitle "CBM 166 Extra"]
[Source "ChessBase"]
[SourceDate "2015.06.18"]
[SourceVersion "1"]
[SourceVersionDate "2015.06.18"]
[SourceQuality "1"]

1. e4 e5 2. Nf3 Nc6 3. d4 exd4 4. Bc4 Bb4+ 5. c3 dxc3 6. bxc3 Be7 7. Qd5 Nh6 8. Bxh6 Rf8 9. Bxg7 Nb4 10. cxb4 Bxb4+ 11. Nbd2 Bxd2+ 12. Nxd2 c6 13. Qe5+ Qe7 14. Qxe7+ Kxe7 15. Bxf8+ Kxf8 16. Nf3 b5 17. Bb3 c5 18. a3 c4 19. Bc2 Bb7 20. Rb1 h5 21. Rxb5 Bc6 22. Rxh5 Re8 23. Rh8+ Ke7 24. Rxe8+ Kxe8 25. Ne5 Bb5 26. g4 d6 27. Nf3 Bc6 28. h4 d5 29. exd5 Bxd5 30. Ke2 c3 31. h5 Bc4+ 32. Ke3 Bd5 33. h6 Ke7 34. h7 Ke6 35. h8Q Ke7 36. Qe5+ Be6 37. Bf5 a6 38. Bxe6 fxe6 39. Rh7+ Ke8 40. Qb8# 1-0

[Event "ROM-ch U08"]
[Site "Calimanesti"]
[Date "2015.04.05"]
[Round "8"]
[White "Boeru, Dragos Matei"]
[Black "Craita, Alexandru Stefan"]
[Result "1-0"]
[WhiteElo "1035"]
[BlackElo "1410"]
[PlyCount "93"]
[EventDate "2015.03.30"]
[EventType "swiss"]
[EventRounds "9"]
[EventCountry "ROU"]
[SourceTitle "CBM 165 Extra"]
[Source "ChessBase"]
[SourceDate "2015.04.21"]
[SourceVersion "1"]
[SourceVersionDate "2015.04.21"]
[SourceQuality "1"]

1. e4 c5 2. Nf3 Nc6 3. Nc3 Nf6 4. Bc4 g6 5. d3 Bg7 6. Bg5 e5 7. Nb5 a6 8. Nd6+ Ke7 9. Nxf7 Qb6 10. Nxh8 Bxh8 11. b3 Qb4+ 12. Bd2 Qb6 13. Qc1 d6 14. c3 Bg4 15. Ng5 Rd8 16. h3 Bd7 17. Nf7 Rf8 18. Nxh8 Rxh8 19. Bg5 Rf8 20. Bh6 Rh8 21. Qg5 Be6 22. Bg7 Bxc4 23. Qxf6+ Kd7 24. dxc4 Re8 25. Qf7+ Re7 26. Qf6 Re6 27. Qg5 Qa5 28. Qd2 Re7 29. Bh6 b5 30. cxb5 axb5 31. Rd1 Re6 32. Bf8 Qc7 33. Rf1 Rf6 34. Bh6 Qa5 35. f4 Re6 36. fxe5 Nxe5 37. Bg7 Nc6 38. Qd5 Qxc3+ 39. Bxc3 b4 40. Rf7+ Ne7 41. Bb2 h5 42. Qd3 Ke8 43. Rf6 Rxf6 44. Bxf6 Kd7 45. Qxd6+ Kc8 46. Qxe7 c4 47. Rd8# 1-0

[Event "ROM-ch U08"]
[Site "Calimanesti"]
[Date "2015.04.04"]
[Round "7"]
[White "Boeru, Dragos Matei"]
[Black "Nastore, Pavel Alexandru"]
[Result "1-0"]
[WhiteElo "1035"]
[BlackElo "1192"]
[PlyCount "123"]
[EventDate "2015.03.30"]
[EventType "swiss"]
[EventRounds "9"]
[EventCountry "ROU"]
[SourceTitle "CBM 165 Extra"]
[Source "ChessBase"]
[SourceDate "2015.04.21"]
[SourceVersion "1"]
[SourceVersionDate "2015.04.21"]
[SourceQuality "1"]

1. e4 c5 2. Nc3 Nc6 3. f4 e6 4. Nf3 Nge7 5. Bb5 d5 6. exd5 exd5 7. d3 g6 8. Bd2 Bg7 9. Qe2 0-0 10. 0-0 Bg4 11. Rfe1 Re8 12. Qd1 a6 13. Bxc6 bxc6 14. h3 Bxf3 15. Qxf3 Qc7 16. Kh1 Nf5 17. Rxe8+ Rxe8 18. Re1 Rxe1+ 19. Bxe1 Nd4 20. Qf2 Ne6 21. g3 Bd4 22. Qf1 Qb7 23. b3 Qb8 24. Na4 Bg7 25. Bf2 d4 26. Qc1 Qb4 27. Qe1 Qb7 28. Kg1 Qb4 29. Qe4 Qb7 30. f5 gxf5 31. Qxf5 Qe7 32. Qf3 Ng5 33. Qg2 Qe5 34. Kh2 Qe2 35. Nxc5 Nxh3 36. Qxh3 Qxf2+ 37. Qg2 Qxg2+ 38. Kxg2 a5 39. Nb7 a4 40. bxa4 Be5 41. a5 Bb8 42. a6 Kf8 43. Kf3 Ke7 44. Ke4 Ba7 45. Na5 Kd6 46. Kf5 Kd7 47. Kf6 Bb8 48. Kxf7 Kc7 49. Kg7 Kb6 50. Nb3 Bxg3 51. Kxh7 c5 52. Kg6 Bd6 53. Kf5 Kxa6 54. Ke4 Kb5 55. Kd5 Bf8 56. a4+ Kb4 57. a5 Kb5 58. a6 Kb6 59. a7 Kxa7 60. Nxc5 Bxc5 61. Kxc5 Kb7 62. Kxd4 1-0

[Event "ROM-ch U08"]
[Site "Calimanesti"]
[Date "2015.04.02"]
[Round "5"]
[White "Boeru, Dragos Matei"]
[Black "Anghel, Rares Mihai"]
[Result "1-0"]
[WhiteElo "1035"]
[BlackElo "1060"]
[PlyCount "119"]
[EventDate "2015.03.30"]
[EventType "swiss"]
[EventRounds "9"]
[EventCountry "ROU"]
[SourceTitle "CBM 165 Extra"]
[Source "ChessBase"]
[SourceDate "2015.04.21"]
[SourceVersion "1"]
[SourceVersionDate "2015.04.21"]
[SourceQuality "1"]

1. e4 d5 2. exd5 Nf6 3. Nc3 Nxd5 4. Nxd5 Qxd5 5. Qf3 e6 6. d3 Bc5 7. Bf4 Qxf3 8. Nxf3 Bd6 9. Bxd6 cxd6 10. Be2 0-0 11. 0-0 Nc6 12. c3 e5 13. h3 d5 14. Rad1 Re8 15. Rfe1 Re6 16. Kh2 Rh6 17. Bf1 Re6 18. Rd2 d4 19. c4 Nb4 20. a3 Nc6 21. Rde2 f6 22. b4 a6 23. Rb2 b5 24. c5 Bb7 25. Kg1 Nd8 26. Nd2 Nf7 27. Nb3 Rae8 28. Rbe2 Kf8 29. Nxd4 R6e7 30. Nb3 Bd5 31. Nd2 Ng5 32. Rc1 Rc8 33. Ne4 Nxe4 34. dxe4 Bc4 35. Ree1 Bxf1 36. Kxf1 Rd8 37. Red1 Rd4 38. f3 Red7 39. Ke2 Kf7 40. c6 Rc7 41. Rxd4 exd4 42. Kd3 Ke7 43. Kxd4 Kd6 44. g4 Rxc6 45. Rxc6+ Kxc6 46. e5 fxe5+ 47. Kxe5 Kd7 48. h4 Ke7 49. f4 g6 50. f5 gxf5 51. gxf5 h5 52. f6+ Kf7 53. Kf5 Kf8 54. Kg6 Kg8 55. f7+ Kf8 56. Kf6 a5 57. bxa5 b4 58. a6 bxa3 59. a7 a2 60. a8R# 1-0

[Event "ROM-ch U08"]
[Site "Calimanesti"]
[Date "2015.04.01"]
[Round "3"]
[White "Boeru, Dragos Matei"]
[Black "Naum, Radu Andrei"]
[Result "1-0"]
[WhiteElo "1035"]
[BlackElo "1103"]
[PlyCount "73"]
[EventDate "2015.03.30"]
[EventType "swiss"]
[EventRounds "9"]
[EventCountry "ROU"]
[SourceTitle "CBM 165 Extra"]
[Source "ChessBase"]
[SourceDate "2015.04.21"]
[SourceVersion "1"]
[SourceVersionDate "2015.04.21"]
[SourceQuality "1"]

1. e4 e5 2. Nf3 Nc6 3. d4 exd4 4. Bc4 Nf6 5. e5 Qe7 6. Qe2 Nh5 7. g4 d5 8. Bxd5 Bxg4 9. Bxc6+ bxc6 10. Nbd2 Nf4 11. Qe4 Bxf3 12. Nxf3 Nd5 13. Nxd4 Nb4 14. a3 Nd5 15. Bd2 Qc5 16. e6 f6 17. Nb3 Qb5 18. Qf3 Qc4 19. Rc1 Bd6 20. Bg5 Bf4 21. Bxf4 Nxf4 22. Nc5 g5 23. Qxc6+ Kf8 24. Nd7+ Ke7 25. Qxc4 Ng2+ 26. Kf1 Nf4 27. Nc5 Nh3 28. Qd3 Rad8 29. Qxh3 Rd5 30. Qh5 Rf8 31. Qxh7+ Kd8 32. e7+ Ke8 33. exf8Q+ Kxf8 34. Re1 Rd8 35. Ne6+ Ke8 36. Nxg5+ Kf8 37. Qh8# 1-0

[Event "ROM-ch U08"]
[Site "Calimanesti"]
[Date "2015.03.31"]
[Round "2"]
[White "Zaharia, Pavel Darius"]
[Black "Boeru, Dragos Matei"]
[Result "1/2-1/2"]
[WhiteElo "1096"]
[BlackElo "1035"]
[PlyCount "85"]
[EventDate "2015.03.30"]
[EventType "swiss"]
[EventRounds "9"]
[EventCountry "ROU"]
[SourceTitle "CBM 165 Extra"]
[Source "ChessBase"]
[SourceDate "2015.04.21"]
[SourceVersion "1"]
[SourceVersionDate "2015.04.21"]
[SourceQuality "1"]

1. d4 d5 2. c4 c6 3. Nc3 Nf6 4. Bf4 Bf5 5. e3 e6 6. Nf3 Bb4 7. Be2 Nbd7 8. 0-0 0-0 9. a3 Ba5 10. b4 Bc7 11. cxd5 exd5 12. Bg3 Bxg3 13. fxg3 Re8 14. Qd2 Qe7 15. Ne5 Nxe5 16. Rxf5 Neg4 17. Bxg4 Nxg4 18. Re1 f6 19. h3 Nh6 20. Rf3 Nf7 21. Qc1 a5 22. b5 Red8 23. bxc6 bxc6 24. Na4 Qc7 25. Nc5 Re8 26. Qc3 Ng5 27. Rf4 Ne6 28. Nxe6 Rxe6 29. e4 Rae8 30. Qf3 Qb6 31. Qd3 g5 32. Rb1 Qa7 33. exd5 cxd5 34. Rf5 Rd8 35. Rbf1 Rdd6 36. Qd2 Kg7 37. Qf2 h6 38. h4 gxh4 39. gxh4 Qb6 40. Qg3+ Kf7 41. R1f4 Qb1+ 42. Kh2 Re1 43. Rf1 1/2-1/2

[Event "ROM-ch U08"]
[Site "Calimanesti"]
[Date "2014.04.09"]
[Round "4"]
[White "Boeru, Dragos Matei"]
[Black "Craciun, Cristian Gabriel1"]
[Result "0-1"]
[WhiteElo "1035"]
[BlackElo "1223"]
[PlyCount "46"]
[EventDate "2014.04.06"]
[EventType "swiss"]
[EventRounds "9"]
[EventCountry "ROU"]
[SourceTitle "CBM 160 Extra"]
[Source "ChessBase"]
[SourceDate "2014.07.01"]
[SourceVersion "1"]
[SourceVersionDate "2014.07.01"]
[SourceQuality "1"]

1. e4 e6 2. d4 d5 3. exd5 exd5 4. Nf3 Bd6 5. Nc3 Be6 6. Bd3 Ne7 7. Be3 Nbc6 8. 0-0 Qd7 9. Qd2 f6 10. a3 g5 11. Qe2 h5 12. Bg6+ Nxg6 13. Qd3 Nce7 14. Rfe1 0-0-0 15. Rad1 h4 16. h3 g4 17. hxg4 Bxg4 18. Qe2 Qf5 19. b4 h3 20. gxh3 Rxh3 21. Qd3 Qxf3 22. Qf5+ Bxf5 23. Kf1 Rh1# 0-1

[Event "ROM-ch U08"]
[Site "Calimanesti"]
[Date "2014.04.07"]
[Round "2"]
[White "Boeru, Dragos Matei"]
[Black "Demeter, Octavian"]
[Result "1-0"]
[WhiteElo "1035"]
[BlackElo "1001"]
[PlyCount "75"]
[EventDate "2014.04.06"]
[EventType "swiss"]
[EventRounds "9"]
[EventCountry "ROU"]
[SourceTitle "CBM 160 Extra"]
[Source "ChessBase"]
[SourceDate "2014.07.01"]
[SourceVersion "1"]
[SourceVersionDate "2014.07.01"]
[SourceQuality "1"]

1. e4 e5 2. Nf3 Nc6 3. d4 Bb4+ 4. Bd2 Bxd2+ 5. Nbxd2 Nf6 6. dxe5 Nxe5 7. Nxe5 Qe7 8. Nef3 Nxe4 9. Nxe4 Qxe4+ 10. Be2 Qb4+ 11. c3 Qxb2 12. c4 Qc3+ 13. Nd2 0-0 14. 0-0 d6 15. Ne4 Qe5 16. Qc2 Bf5 17. Bd3 Rfe8 18. Nf6+ Qxf6 19. Bxf5 g6 20. Bd3 Re6 21. Rae1 Rae8 22. Rxe6 Rxe6 23. h3 c6 24. Qd2 d5 25. cxd5 cxd5 26. Re1 b5 27. Rxe6 fxe6 28. Bxb5 d4 29. Qd3 e5 30. Bc4+ Qf7 31. Bxf7+ Kxf7 32. Kf1 Ke6 33. Qa6+ Kd5 34. Qxa7 d3 35. Qxh7 d2 36. Ke2 e4 37. Kxd2 e3+ 38. fxe3 1-0

[Event "ROM-ch U08"]
[Site "Calimanesti"]
[Date "2014.04.06"]
[Round "1"]
[White "Melinte, Rares Andrei"]
[Black "Boeru, Dragos Matei"]
[Result "1-0"]
[WhiteElo "1033"]
[BlackElo "1035"]
[PlyCount "161"]
[EventDate "2014.04.06"]
[EventType "swiss"]
[EventRounds "9"]
[EventCountry "ROU"]
[SourceTitle "CBM 160 Extra"]
[Source "ChessBase"]
[SourceDate "2014.07.01"]
[SourceVersion "1"]
[SourceVersionDate "2014.07.01"]
[SourceQuality "1"]

1. d4 d5 2. c4 dxc4 3. e3 e6 4. Bxc4 Bb4+ 5. Bd2 Bxd2+ 6. Qxd2 Nc6 7. Nc3 Nf6 8. Nf3 Bd7 9. a3 0-0 10. 0-0 Qe7 11. Bb3 Na5 12. Bc2 Nc4 13. Qc1 Bc6 14. b3 Nd6 15. Ne5 Qe8 16. Qd2 Nde4 17. Qd3 Nxc3 18. Qxc3 Bb5 19. Bd3 Nd5 20. Bxb5 c6 21. Bxc6 Nxc3 22. Bxe8 Rfxe8 23. Kh1 f6 24. Rac1 Ne2 25. Rc2 fxe5 26. Rxe2 exd4 27. exd4 Rad8 28. Rd1 Re7 29. h3 Kf7 30. Re4 e5 31. f3 g5 32. Kg1 Rxd4 33. Rdxd4 exd4 34. Rxd4 Kg6 35. Rb4 b6 36. h4 gxh4 37. Rxh4 Re3 38. Rb4 Kg5 39. Kf2 Re7 40. Rg4+ Kf5 41. g3 Rc7 42. Rc4 Rd7 43. Ke3 Re7+ 44. Re4 Rc7 45. g4+ Kg5 46. Re5+ Kg6 47. Kf4 Rf7+ 48. Ke4 Rc7 49. f4 Kf6 50. g5+ Kf7 51. Rf5+ Ke8 52. Re5+ Re7 53. Rxe7+ Kxe7 54. Ke5 Kf7 55. f5 Kg7 56. g6 hxg6 57. fxg6 Kxg6 58. Kd6 Kf5 59. Kc7 Ke4 60. Kb7 b5 61. Kxa7 Kd3 62. Kb6 Kc3 63. Kxb5 Kxb3 64. a4 Kc3 65. a5 Kd4 66. a6 Kd5 67. a7 Kd6 68. a8Q Ke5 69. Qd8 Ke6 70. Kc6 Ke5 71. Qd5+ Kf4 72. Qe6 Kf3 73. Kd5 Kf2 74. Kd4 Kf3 75. Qe3+ Kg4 76. Qf2 Kg5 77. Ke5 Kg6 78. Qf6+ Kh5 79. Qg7 Kh4 80. Kf4 Kh3 81. Qg3# 1-0